Najczęściej zgadywane państwa świata - Statystyki

Ogólne statystyki
  • Ten quiz został rozwiązany 25 razy
  • Średni wynik to 19 z 20
Statystyki odpowiedzi
% Państwo % Poprawnych
91 Czechy
100%
94 Niemcy
100%
96 Polska
100%
95 Rosja
100%
94 Stany Zjednoczone
100%
87 Australia
96%
88 Brazylia
96%
92 Chiny
96%
91 Kanada
96%
90 Litwa
96%
89 Słowacja
96%
93 Ukraina
96%
92 Hiszpania
91%
88 Norwegia
91%
90 Białoruś
87%
94 Francja
87%
90 Portugalia
87%
90 Wielka Brytania
87%
92 Włochy
87%
90 Szwecja
74%
Nie znaleziono quizów pasujących do podanych kryteriów
Rozkład punktacji
Procent ludzi z każdym wynikiem
Percentyl według liczby udzielonych odpowiedzi
Twoja historia wyników
Nie rozwiązałeś tego quizu